Mot par définition lettre H - Statistiques

Statistiques générales
  • Ce quiz a été pris 121 fois
  • Le résultat moyen est 7 sur 15
Statistiques - réponses
Définition Mot % Correct
Chant national Hymne
98%
En dehors de Hors
95%
Couper en petits morceaux Hacher
84%
Petit groupe isolé d'habitations, ne formant pas une commune Hameau
77%
Langue de l'Inde du Nord, devenue langue officielle de l'Inde en 1949 Hindi
75%
Massacre des Juifs par les Nazis Holocauste
67%
Figure de style consistant à employer une expression exagérée pour frapper l'esprit Hyperbole
54%
Accès brusque de gaieté qui se manifeste par le rire Hilarité
38%
Grand panier muni de bretelles qu'on porte sur le dos Hotte
36%
Estomac de mouton farci, plat national écossais Haggis
32%
Suprématie, domination Hégémonie
26%
Qui a six pattes Hexapode
22%
Se dit de tout ce qui concerne l'histoire grecque, depuis la mort d'Alexandre le grand Héllenistique
18%
Comportement caractéristique d'un groupe social Habitus
5%
Enregistrer officiellement Homologuer
4%
Aucun quiz correspondant
Distribution des résultats
% des personnes avec chaque résultat
Percentile par nombre de réponses
Votre historique - résultats
Vous n’avez pas pris ce quiz